De la crítica a la apología: la izquierda latinoamericana entre el neoliberalismo y el neopopulismo /
Este artículo intenta captar algunas mutaciones de la esfera pública y el campo intelectual latinoamericano en las dos últimas décadas. El eje articulador de esas mutaciones es el tránsito, dentro de algunas sociedades y algunos gobiernos de la región, de la hegemonía neoliberal de la década de 1990...
Guardado en:
| 主要作者: | |
|---|---|
| 格式: | Texto |
| 語言: | Spanish |
| 主題: | |
| 標簽: |
添加標簽
沒有標簽, 成為第一個標記此記錄!
|
MARC
| LEADER | 00000 a a2200000 04500 | ||
|---|---|---|---|
| 001 | 45740 | ||
| 003 | cru CIDCACS/IIS | ||
| 005 | 20200925161036.0 | ||
| 007 | ta | ||
| 008 | 181119b ||||| |||| 00| 0 spa d | ||
| 999 | |c 18426 |d 18426 | ||
| 040 | |c CRAI/IIS |a CRAI/IIS | ||
| 100 | |a Rojas, Rafael | ||
| 245 | |a De la crítica a la apología: |b la izquierda latinoamericana entre el neoliberalismo y el neopopulismo / |c Rafael Rojas | ||
| 520 | |a Este artículo intenta captar algunas mutaciones de la esfera pública y el campo intelectual latinoamericano en las dos últimas décadas. El eje articulador de esas mutaciones es el tránsito, dentro de algunas sociedades y algunos gobiernos de la región, de la hegemonía neoliberal de la década de 1990 a la hegemonía neopopulista actual. Dichas hegemonías no se entienden únicamente como predominio de ciertas políticas económicas y sociales, sino también como estilos del lenguaje público, en los que el concepto de crítica, heredado de las tradiciones liberales y marxistas, es desplazado por la noción de apología, lo que pone en entredicho la identidad ilustrada de la izquierda. | ||
| 650 | 0 | |9 236 |a MARXISMO | |
| 650 | 0 | |9 1030 |a POPULISMO | |
| 650 | 0 | |9 129 |a NEOLIBERALISMO | |
| 650 | 0 | |9 416 |a INTELECTUALES | |
| 650 | 0 | |9 143 |a ECONOMIA | |
| 650 | 0 | |9 82 |a LIBERALISMO | |
| 650 | 0 | |9 3691 |a POLITICA | |
| 651 | 0 | |9 17 |a AMERICA LATINA | |
| 773 | |g número245 (2013), págianas 99-109 | ||
| 942 | |2 ddc |c PP | ||
